Vista normal Vista MARC

Entrada Topical Term

Número de registros utilizados en: 1

001 - CONTROL NUMBER

  • control field: 43321

003 - CONTROL NUMBER IDENTIFIER

  • control field: OSt

005 - DATE AND TIME OF LATEST TRANSACTION

  • control field: 20240209141409.0

008 - FIXED-LENGTH DATA ELEMENTS

  • fixed length control field: 240209|| aca||aabn | a|a d

040 ## - CATALOGING SOURCE

  • Original cataloging agency: OSt
  • Transcribing agency: OSt

150 ## - HEADING--TOPICAL TERM

  • Topical term or geographic name entry element: Código civil
  • General subdivision: Propiedad

670 ## - SOURCE DATA FOUND

  • Source citation: Work cat.: (OSt)30542: autor Ferrerira Bizama, Julio 43319, Sobre validez del contrato de promesa de compraventa de bienes raices de la sociedad conyugal, celebrado por el marido sin autorización de la mujer., 1968